Tennis : Classement ATP - Octobre 2022 - Statistiques

Statistiques générales
  • Ce quiz a été pris 660 fois
  • Le résultat moyen est 16 sur 20
Statistiques - réponses
Classement * Mois dernier An dernier Joueur Points % Correct
7 - 1 - 6 Novak Djokovic 3 820
99%
2 + 1 + 4 Rafael Nadal 5 810
99%
1 + 3 + 37 Carlos Alcaraz 6 740
98%
5 - 3 - 1 Alexander Zverev 5 040
96%
6 - 1 - 3 Stefanos Tsitsipas 4 810
96%
3 + 4 + 7 Casper Ruud 5 645
94%
4 - 3 - 2 Daniil Medvedev 5 065
90%
12 + 1 + 2 Jannik Sinner 3 040
84%
9 + 2 - 4 Andrey Rublev 3 345
80%
13 - 5 - 2 Felix Auger-Aliassime 2 950
77%
11 + 1 + 28 Taylor Fritz 3 055
74%
8 + 1 + 18 Cameron Norrie 3 445
73%
10 = + 2 Hubert Hurkacz 3 175
72%
15 - 1 - 8 Matteo Berrettini 2 360
71%
14 + 3 + 27 Marin Cilic 2 495
70%
19 + 7 + 30 Frances Tiafoe 1 940
68%
20 + 5 + 77 Nick Kyrgios 1 780
65%
17 - 1 - 2 Diego Schwartzman 2 110
62%
15 = + 1 Pablo Carreno Busta 2 360
54%
18 + 13 + 11 Karen Khachanov 1 990
47%
Aucun quiz correspondant
Distribution des résultats
% des personnes avec chaque résultat
Percentile par nombre de réponses
Votre historique - résultats
Vous n’avez pas pris ce quiz